<?xml version="1.0" encoding="UTF-8"?>
<record
    xmlns:xsi="http://www.w3.org/2001/XMLSchema-instance"
    xsi:schemaLocation="http://www.loc.gov/MARC21/slim http://www.loc.gov/standards/marcxml/schema/MARC21slim.xsd"
    xmlns="http://www.loc.gov/MARC21/slim">

  <leader>01454nam a2200301 u 4500</leader>
  <controlfield tag="001">000052439</controlfield>
  <controlfield tag="005">20200120222727.0</controlfield>
  <controlfield tag="008">130128s2011    sp a   jr     000 c spa d</controlfield>
  <datafield tag="020" ind1=" " ind2=" ">
    <subfield code="a">9788467906363</subfield>
  </datafield>
  <datafield tag="041" ind1="0" ind2=" ">
    <subfield code="a">spa</subfield>
  </datafield>
  <datafield tag="043" ind1=" " ind2=" ">
    <subfield code="a">e-sp---</subfield>
  </datafield>
  <datafield tag="090" ind1=" " ind2=" ">
    <subfield code="a">JN</subfield>
    <subfield code="b">STAC</subfield>
  </datafield>
  <datafield tag="100" ind1="1" ind2=" ">
    <subfield code="a">Stassi, Claudio</subfield>
  </datafield>
  <datafield tag="245" ind1="1" ind2="0">
    <subfield code="a">Por eso me llamo Giovanni /</subfield>
    <subfield code="c">Claudio Stassi ; traducci&#xF3;n : Mar&#xED;a Fern&#xE1;ndez ; pr&#xF3;logo : Guillermo Altares.</subfield>
  </datafield>
  <datafield tag="250" ind1=" " ind2=" ">
    <subfield code="a">1a. ed.</subfield>
  </datafield>
  <datafield tag="260" ind1=" " ind2=" ">
    <subfield code="a">Barcelona :</subfield>
    <subfield code="b">Norma Editorial,</subfield>
    <subfield code="c">2011.</subfield>
  </datafield>
  <datafield tag="300" ind1=" " ind2=" ">
    <subfield code="a">175 p.</subfield>
    <subfield code="e">il., col.</subfield>
  </datafield>
  <datafield tag="490" ind1="0" ind2=" ">
    <subfield code="a">Graphic Journal</subfield>
    <subfield code="v">05</subfield>
  </datafield>
  <datafield tag="500" ind1=" " ind2=" ">
    <subfield code="a">Premio al Mejor Gui&#xED;n en la Comicon de N&#xE1;poles 2007</subfield>
  </datafield>
  <datafield tag="500" ind1=" " ind2=" ">
    <subfield code="a">Premio al Mejor gui&#xF3;n en la Fumetti in TV de Treviso 2007</subfield>
  </datafield>
  <datafield tag="520" ind1="3" ind2=" ">
    <subfield code="a">"En el d&#xED;a de su d&#xE9;cimo cumplea&#xF1;os, Giovanni va a aprender una de las lecciones m&#xE1;s importantes de su vida. De la mano de su padre, emprender&#xE1; un viaje por Palermo, su ciudad, y conocer&#xE1; la historia del juez Falcone, un hombre valiente que se enfrent&#xF3; a la mafi a con la legalidad como &#xFA;nica arma. "GIOVANNI GALCONE luch&#xF3; hasta su muerte a manos de la mafia. Es un s&#xED;mbolo para los que creemos en la justicia y ojal&#xE1; yo pueda llegar a lo que &#xE9;l fue". Baltasar Garz&#xF3;n."</subfield>
  </datafield>
  <datafield tag="650" ind1="1" ind2="4">
    <subfield code="a">Novela juvenil gr&#xE1;fica.</subfield>
  </datafield>
  <datafield tag="650" ind1="2" ind2="4">
    <subfield code="a">Viajes</subfield>
    <subfield code="v">Novela gr&#xE1;fica.</subfield>
  </datafield>
  <datafield tag="650" ind1="2" ind2="4">
    <subfield code="a">Maf&#xED;a</subfield>
    <subfield code="v">Novela gr&#xE1;fica</subfield>
  </datafield>
  <datafield tag="650" ind1="2" ind2="4">
    <subfield code="a">Justicia</subfield>
    <subfield code="v">Novela gr&#xE1;fica.</subfield>
  </datafield>
  <datafield tag="700" ind1="1" ind2=" ">
    <subfield code="a">Altares, Guillermo,</subfield>
  </datafield>
  <datafield tag="700" ind1="1" ind2=" ">
    <subfield code="a">Fern&#xE1;ndez, Mar&#xED;a,</subfield>
    <subfield code="e">traductora.</subfield>
  </datafield>
  <datafield tag="999" ind1=" " ind2=" ">
    <subfield code="c">3573</subfield>
    <subfield code="d">3573</subfield>
  </datafield>
  <datafield tag="952" ind1=" " ind2=" ">
    <subfield code="0">0</subfield>
    <subfield code="1">0</subfield>
    <subfield code="4">0</subfield>
    <subfield code="7">0</subfield>
    <subfield code="8">LJ</subfield>
    <subfield code="a">BPMOS</subfield>
    <subfield code="b">BPMOS</subfield>
    <subfield code="d">2020-01-20</subfield>
    <subfield code="l">0</subfield>
    <subfield code="o">JNSTACMOS016754</subfield>
    <subfield code="p">MOS016754</subfield>
    <subfield code="p">MS</subfield>
    <subfield code="r">2020-01-20</subfield>
    <subfield code="t">ej.1</subfield>
    <subfield code="w">2020-01-20</subfield>
    <subfield code="y">BK</subfield>
    <subfield code="z">Quince d&#xED;as</subfield>
    <subfield code="P">Perdido</subfield>
  </datafield>
</record>
